[Event "18.Open Seefeld"]
[Site "Seefeld / Oesterreich"]
[Date "2007.09.01"]
[Round "1"]
[White "Wempe, Juergen"]
[Black "Handl, Hans"]
[Result "1-0"]
[WhiteElo "2204"]
[BlackElo "1599"]
[PlyCount "47"]
[EventDate "2007.09.01"]
[EventType "swiss"]
[EventRounds "9"]
[EventCountry "AUT"]

1. e4 e5 2. Nf3 Nc6 3. c3 Nf6 4. d4 d6 5. Be3 Nxe4 6. d5 Nb8 7. Qa4+ Bd7 8.
Qxe4 Be7 9. h4 h6 10. g4 c6 11. c4 Na6 12. Nc3 Qc8 13. dxc6 bxc6 14. c5 Nxc5
15. Bxc5 dxc5 16. Nxe5 Rb8 17. Bc4 Be6 18. Ng6 Rg8 19. Bxe6 Qxe6 20. Qxe6 fxe6
21. O-O-O Rb7 22. Rhe1 Kf7 23. Ne5+ Kf6 24. Ne4+ 1-0

[Event "18.Open Seefeld"]
[Site "Seefeld / Oesterreich"]
[Date "2007.09.01"]
[Round "1"]
[White "Stock, Juergen"]
[Black "Kainrath, Florian"]
[Result "0-1"]
[WhiteElo "2074"]
[BlackElo "2061"]
[PlyCount "88"]
[EventDate "2007.09.01"]
[EventType "swiss"]
[EventRounds "9"]
[EventCountry "AUT"]

1. d4 Nf6 2. c3 d5 3. Bg5 e6 4. Nd2 Be7 5. e3 O-O 6. Bd3 Nbd7 7. f4 c5 8. Ngf3
Ng4 9. Qe2 f6 10. h3 Nf2 11. Qxf2 fxg5 12. g3 cxd4 13. exd4 Qb6 14. O-O-O e5
15. Qe2 gxf4 16. gxf4 Rxf4 17. Nxe5 Nxe5 18. Qxe5 Qd6 19. Rde1 Qxe5 20. Rxe5
Bf6 21. Re8+ Kf7 22. Rhe1 Rf2 23. Bxh7 Bg5 24. Bg8+ Kg6 25. R8e2 Rxe2 26. Rxe2
Bxh3 27. Bxd5 Rb8 28. Kc2 b6 29. Nf3 Bf6 30. Kd3 Bf1 31. Be4+ Kh5 32. b3 Re8
33. Nd2 Bxe2+ 34. Kxe2 Bg5 35. Kd3 Bxd2 36. Bf3+ Kg5 37. Kxd2 Kf4 38. Bc6 Rh8
39. Kd3 g5 40. Kc4 g4 41. Kb5 Rc8 42. d5 Ke5 43. Ka6 Kd6 44. Kb7 Rc7+ 0-1

[Event "18.Open Seefeld"]
[Site "Seefeld / Oesterreich"]
[Date "2007.09.02"]
[Round "2"]
[White "Kammers, Heribert"]
[Black "van der Weide, Karel"]
[Result "0-1"]
[WhiteElo "2104"]
[BlackElo "2502"]
[PlyCount "48"]
[EventDate "2007.09.01"]
[EventType "swiss"]
[EventRounds "9"]
[EventCountry "AUT"]

1. d4 Nf6 2. c4 c5 3. d5 e6 4. Nc3 exd5 5. cxd5 d6 6. e4 g6 7. f4 Bg7 8. Nf3
O-O 9. Be2 Bg4 10. O-O Nbd7 11. Re1 Re8 12. h3 Bxf3 13. Bxf3 Rc8 14. g4 h6 15.
Kg2 Nh7 16. Be3 g5 17. Qd2 Ndf8 18. Ne2 Ng6 19. Kg1 Qb6 20. Bg2 gxf4 21. Nxf4
Qxb2 22. Qxb2 Bxb2 23. Rab1 Bc3 24. Rec1 Bd4 0-1

[Event "18.Open Seefeld"]
[Site "Seefeld / Oesterreich"]
[Date "2007.09.02"]
[Round "2"]
[White "Pitl, Gregory"]
[Black "Schumacher, Helmut"]
[Result "1-0"]
[WhiteElo "2387"]
[BlackElo "2103"]
[PlyCount "49"]
[EventDate "2007.09.01"]
[EventType "swiss"]
[EventRounds "9"]
[EventCountry "AUT"]

1. d4 d5 2. Nf3 c6 3. c4 e6 4. Nc3 Nf6 5. g3 Be7 6. Bg2 Nbd7 7. O-O O-O 8. b3
b6 9. Qc2 Bb7 10. Rd1 Rc8 11. e4 c5 12. e5 Ne8 13. dxc5 dxc4 14. Ng5 Bxg5 15.
Bxb7 cxb3 16. axb3 Rxc5 17. Ba3 Qc7 18. Bxc5 Nxc5 19. Bg2 Nd7 20. f4 Be7 21.
Qd3 Nc5 22. Qc4 a5 23. Nb5 Qb8 24. b4 axb4 25. Ra8 1-0

[Event "18.Open Seefeld"]
[Site "Seefeld / Oesterreich"]
[Date "2007.09.02"]
[Round "2"]
[White "Oettinger, Hagen"]
[Black "Heinig, Wolfram"]
[Result "1/2-1/2"]
[WhiteElo "2085"]
[BlackElo "2360"]
[PlyCount "41"]
[EventDate "2007.09.01"]
[EventType "swiss"]
[EventRounds "9"]
[EventCountry "AUT"]

1. d4 Nf6 2. Nf3 c5 3. d5 b5 4. c4 Bb7 5. Qc2 bxc4 6. e4 e6 7. Bxc4 Be7 8. Nc3
exd5 9. exd5 O-O 10. O-O d6 11. Bf4 Nbd7 12. Rad1 Nb6 13. b3 Nh5 14. Bc1 Nxc4
15. bxc4 Bc8 16. Rfe1 g6 17. Re3 Bf5 18. Qa4 Bd7 19. Qa6 Re8 20. Rde1 Bf8 21.
Rxe8 1/2-1/2

[Event "18.Open Seefeld"]
[Site "Seefeld / Oesterreich"]
[Date "2007.09.02"]
[Round "2"]
[White "Bayer, Bernhard"]
[Black "Becking, Franz Josef"]
[Result "1-0"]
[WhiteElo "2356"]
[BlackElo "2049"]
[PlyCount "67"]
[EventDate "2007.09.01"]
[EventType "swiss"]
[EventRounds "9"]
[EventCountry "AUT"]

1. c4 e6 2. Nf3 d5 3. g3 a6 4. b3 Nf6 5. Bg2 Be7 6. Bb2 O-O 7. O-O c6 8. d3
Nbd7 9. Nbd2 b6 10. Qc2 Bb7 11. Rad1 Qc7 12. e4 c5 13. cxd5 exd5 14. e5 Ng4 15.
Rfe1 Rfe8 16. d4 Rac8 17. e6 fxe6 18. Bh3 Ndf6 19. Ne5 Nxe5 20. dxe5 Nd7 21.
Bxe6+ Kh8 22. Qf5 Rcd8 23. Bf7 Rf8 24. e6 Nf6 25. Be5 Qc6 26. Bxf6 Rxf7 27.
exf7 Bxf6 28. Qxd5 Qxd5 29. Re8+ Rxe8 30. fxe8=Q+ Qg8 31. Re1 Bd5 32. Qd7 Bf7
33. Ne4 Bd4 34. Nd6 1-0

[Event "18.Open Seefeld"]
[Site "Seefeld / Oesterreich"]
[Date "2007.09.02"]
[Round "2"]
[White "Niedermair, Hannes"]
[Black "Schunk, Thomas"]
[Result "1/2-1/2"]
[WhiteElo "2069"]
[BlackElo "2346"]
[PlyCount "63"]
[EventDate "2007.09.01"]
[EventType "swiss"]
[EventRounds "9"]
[EventCountry "AUT"]

1. Nf3 c5 2. e4 d6 3. d3 g6 4. g3 Bg7 5. Bg2 Nc6 6. O-O h6 7. c3 Nf6 8. Nbd2
O-O 9. Nh4 e5 10. Qe1 b5 11. a4 b4 12. Nc4 Ba6 13. Bd2 Rb8 14. Qc1 Kh7 15. Re1
Bxc4 16. dxc4 Na5 17. Qc2 Nxc4 18. Bc1 Na5 19. c4 Nc6 20. b3 Nd4 21. Qd3 Nd7
22. Bh3 Rh8 23. f3 Nf8 24. Rf1 Qe7 25. Ng2 Nfe6 26. Ne3 Nc7 27. Bd2 Rbe8 28.
Rf2 h5 29. Raf1 Bh6 30. Bg2 a5 31. f4 Rhf8 32. f5 1/2-1/2

[Event "18.Open Seefeld"]
[Site "Seefeld / Oesterreich"]
[Date "2007.09.02"]
[Round "2"]
[White "Sandhu, Mario"]
[Black "Shahin, Walid"]
[Result "1-0"]
[WhiteElo "2338"]
[BlackElo "2068"]
[PlyCount "67"]
[EventDate "2007.09.01"]
[EventType "swiss"]
[EventRounds "9"]
[EventCountry "AUT"]

1. b3 e5 2. Bb2 Nc6 3. e3 Nf6 4. c4 d5 5. cxd5 Nxd5 6. a3 Bd6 7. Bc4 Nb6 8. Be2
O-O 9. d3 Qg5 10. Bf3 Be6 11. Nd2 f5 12. Qc2 Rad8 13. Ne2 Kh8 14. Nc4 Nxc4 15.
bxc4 e4 16. dxe4 fxe4 17. Bxe4 Bf5 18. Bxf5 Rxf5 19. Ng3 Rf7 20. O-O Re8 21.
Rad1 Ne7 22. Qe4 Ref8 23. Qxb7 Ng6 24. Qd5 Qe7 25. Bd4 Bxg3 26. hxg3 Rf5 27.
Qc6 Ne5 28. Qe4 Qe6 29. f4 Qc6 30. Qxc6 Nxc6 31. Rb1 Ra5 32. Rb7 Nxd4 33. exd4
Rxa3 34. Rxc7 1-0

[Event "18.Open Seefeld"]
[Site "Seefeld / Oesterreich"]
[Date "2007.09.02"]
[Round "2"]
[White "Kainrath, Florian"]
[Black "Kesik, Klaus-Dieter"]
[Result "0-1"]
[WhiteElo "2061"]
[BlackElo "2332"]
[PlyCount "120"]
[EventDate "2007.09.01"]
[EventType "swiss"]
[EventRounds "9"]
[EventCountry "AUT"]

1. e4 Nf6 2. Nc3 d5 3. exd5 Nxd5 4. Bc4 c6 5. d4 Bf5 6. Bg5 Nxc3 7. bxc3 Qa5 8.
Ne2 Be4 9. f3 Qxg5 10. fxe4 Qxg2 11. Ng3 Qh3 12. Qf3 f6 13. Rb1 Qc8 14. Nh5 Nd7
15. Nf4 g6 16. Ne6 b5 17. Bb3 Qb7 18. Rg1 Rc8 19. Qh3 Nb6 20. Nc5 Qc7 21. Be6
Rd8 22. Ke2 Na4 23. Nxa4 bxa4 24. Rb4 Qf4 25. Qf3 Qxh2+ 26. Rg2 Qd6 27. d5 cxd5
28. exd5 Bh6 29. Rh4 Qe5+ 30. Re4 Qc7 31. Qd3 Kf8 32. Rc4 Qe5+ 33. Re4 Qh5+ 34.
Bg4 Qxd5 35. Qxd5 Rxd5 36. Rxa4 a5 37. Rd4 Re5+ 38. Kd3 Kg7 39. Rd7 Rc8 40. Rg3
Bf4 41. Rf3 Bg5 42. Rxe7+ Rxe7 43. Bxc8 f5 44. c4 Re8 45. Bb7 Rd8+ 46. Bd5 Bf6
47. Re3 Rd6 48. Re8 h5 49. Ra8 h4 50. Ke2 g5 51. Rxa5 g4 52. Bh1 Re6+ 53. Kf1
Re1+ 54. Kxe1 Bc3+ 55. Ke2 Bxa5 56. c5 Kf6 57. c6 Kg5 58. Bd5 Kf4 59. c4 Kg3
60. c5 Kh2 0-1

[Event "18.Open Seefeld"]
[Site "Seefeld / Oesterreich"]
[Date "2007.09.02"]
[Round "2"]
[White "Vatter, Hans-Joachim"]
[Black "Moes, Waldemar"]
[Result "1-0"]
[WhiteElo "2319"]
[BlackElo "2024"]
[PlyCount "93"]
[EventDate "2007.09.01"]
[EventType "swiss"]
[EventRounds "9"]
[EventCountry "AUT"]

1. d4 Nf6 2. c4 c5 3. d5 e5 4. Nc3 d6 5. e4 Nbd7 6. Bd3 Be7 7. Nge2 h5 8. h4 a6
9. a3 Ng8 10. g3 g5 11. hxg5 Bxg5 12. Ng1 Bxc1 13. Rxc1 Ndf6 14. Be2 Ng4 15.
Qd2 Ne7 16. Qg5 Ng6 17. Qxd8+ Kxd8 18. Nf3 Bd7 19. Nh4 Nxh4 20. Rxh4 Ke7 21.
Bd3 Rab8 22. a4 a5 23. Ke2 Rh7 24. Rch1 Rbh8 25. b3 Kf8 26. Ke1 Kg7 27. Nd1 Nf6
28. Ne3 Ng4 29. Ng2 b6 30. f3 Nf6 31. Ne3 Rh6 32. Bf1 Ng8 33. Bh3 Bxh3 34.
R1xh3 Ne7 35. Kf2 Kg6 36. Rh1 f6 37. f4 R8h7 38. Ke2 Rh8 39. Rf1 R6h7 40. Rh2
h4 41. fxe5 fxe5 42. gxh4 Rxh4 43. Rg2+ Kh5 44. Rf3 Ng6 45. Rf5+ Kh6 46. Rf6
Rg8 47. Nf5+ 1-0

[Event "18.Open Seefeld"]
[Site "Seefeld / Oesterreich"]
[Date "2007.09.02"]
[Round "2"]
[White "Aigner, Georg"]
[Black "Stabolewski, Andreas"]
[Result "0-1"]
[WhiteElo "2033"]
[BlackElo "2263"]
[PlyCount "94"]
[EventDate "2007.09.01"]
[EventType "swiss"]
[EventRounds "9"]
[EventCountry "AUT"]

1. e4 c5 2. Nf3 Nc6 3. d4 cxd4 4. Nxd4 Nf6 5. Nc3 d6 6. Bb5 Bd7 7. O-O e6 8.
Re1 Be7 9. Be3 O-O 10. Be2 a6 11. Qd2 Qc7 12. Nxc6 Bxc6 13. Bd3 b5 14. a3 Qb7
15. Bg5 a5 16. Qe2 Rab8 17. f3 Rfe8 18. e5 dxe5 19. Bxf6 Bxf6 20. Ne4 Be7 21.
Kh1 f5 22. Nd2 Bd6 23. Nb3 Qc7 24. Nd2 g6 25. Nf1 Qg7 26. c3 Red8 27. Bc2 Kh8
28. Rad1 Bc7 29. Rxd8+ Rxd8 30. Qe3 Qe7 31. Qe2 Qc5 32. Nd2 Bd5 33. Bd3 b4 34.
axb4 axb4 35. c4 Bc6 36. Bc2 Qd4 37. Nb3 Qxb2 38. Nc5 e4 39. fxe4 Qe5 40. Kg1
Qxc5+ 41. Kh1 Qe5 42. g3 Bb6 43. Kg2 Rd4 44. Kh3 g5 45. g4 Bxe4 46. Qf1 Rd2 47.
Re2 Qc3+ 0-1

[Event "18.Open Seefeld"]
[Site "Seefeld / Oesterreich"]
[Date "2007.09.02"]
[Round "2"]
[White "Kreusch, Frank"]
[Black "Wanderer, Thomas"]
[Result "0-1"]
[WhiteElo "2022"]
[BlackElo "2215"]
[PlyCount "132"]
[EventDate "2007.09.01"]
[EventType "swiss"]
[EventRounds "9"]
[EventCountry "AUT"]

1. e4 c5 2. d4 cxd4 3. c3 dxc3 4. Nxc3 a6 5. Nf3 e6 6. Bc4 b5 7. Bb3 Bb7 8. Qe2
Nc6 9. O-O d6 10. Rd1 Qb8 11. Bf4 Ne5 12. Nxe5 dxe5 13. Bg3 Be7 14. Nxb5 Nf6
15. Rac1 Bc6 16. Nd6+ Bxd6 17. Rxc6 Be7 18. Rxa6 Rxa6 19. Qxa6 O-O 20. f3 Bc5+
21. Bf2 Qb4 22. Qc4 Bxf2+ 23. Kxf2 Qb6+ 24. Kf1 h5 25. Qc3 Qb5+ 26. Qd3 Qa5 27.
Rc1 h4 28. Qc3 Qb5+ 29. Bc4 Qb8 30. b3 h3 31. g3 Qa8 32. a4 Nxe4 33. Qe3 Nd6
34. Be2 e4 35. Rd1 exf3 36. Bxf3 Nf5 37. Qd3 Qa7 38. Re1 Rb8 39. Re4 Qc5 40.
Bg4 Qc1+ 41. Re1 Qb2 42. Re2 Qc1+ 43. Re1 Qc6 44. Qe4 Qxe4 45. Rxe4 Rxb3 46.
Bxh3 Ne3+ 47. Ke2 Nd5 48. Rd4 Rb2+ 49. Kf3 Rxh2 50. Bf1 Ra2 51. Bb5 Kf8 52. Bc6
Ra3+ 53. Kg2 Ne3+ 54. Kf2 Nf5 55. Rc4 Ke7 56. Bb5 Nxg3 57. Rc7+ Kf6 58. Ra7
Ne4+ 59. Kg2 Nd6 60. Bd7 g5 61. Ra6 Ke5 62. Ra5+ Kf4 63. Ra6 Nc4 64. Be8 Ra2+
65. Kg1 Ne3 66. Bxf7 Kg3 0-1

[Event "18.Open Seefeld"]
[Site "Seefeld / Oesterreich"]
[Date "2007.09.02"]
[Round "2"]
[White "Klein, Gereon"]
[Black "Wempe, Juergen"]
[Result "1/2-1/2"]
[WhiteElo "2009"]
[BlackElo "2204"]
[PlyCount "50"]
[EventDate "2007.09.01"]
[EventType "swiss"]
[EventRounds "9"]
[EventCountry "AUT"]

1. Nf3 e6 2. c4 b6 3. g3 Bb7 4. Bg2 c5 5. O-O g6 6. d4 cxd4 7. Qxd4 Qf6 8. Qd3
Na6 9. Nc3 Nc5 10. Qd1 Rc8 11. Be3 Qe7 12. Rc1 Nf6 13. b4 Nce4 14. Nxe4 Bxe4
15. c5 b5 16. Bf4 Bxf3 17. Bd6 Qd8 18. Bxf3 Bxd6 19. cxd6 O-O 20. Qd4 Ne8 21.
e4 Rxc1 22. Rxc1 Qb8 23. Rd1 Ng7 24. Rc1 Ne8 25. Rd1 Ng7 1/2-1/2

[Event "18.Open Seefeld"]
[Site "Seefeld / Oesterreich"]
[Date "2007.09.02"]
[Round "2"]
[White "Huettemann, Ralf"]
[Black "Kugelmann, Werner"]
[Result "1-0"]
[WhiteElo "1998"]
[BlackElo "2202"]
[PlyCount "53"]
[EventDate "2007.09.01"]
[EventType "swiss"]
[EventRounds "9"]
[EventCountry "AUT"]

1. e4 e6 2. d4 d5 3. e5 c5 4. c3 Nc6 5. Nf3 Bd7 6. Be2 cxd4 7. cxd4 Qb6 8. O-O
Nge7 9. Na3 Nf5 10. Nc2 Be7 11. Rb1 Rc8 12. g4 Nh4 13. Nxh4 Bxh4 14. Be3 Be7
15. Bd3 Nb4 16. Nxb4 Qxb4 17. Qe2 f6 18. f4 fxe5 19. fxe5 g6 20. Rf3 Rf8 21.
Rbf1 Bc6 22. Rxf8+ Bxf8 23. Qf2 Be7 24. Qf7+ Kd7 25. Qxh7 Qxb2 26. Bxg6 Bb5 27.
Qxe7+ 1-0

[Event "18.Open Seefeld"]
[Site "Seefeld / Oesterreich"]
[Date "2007.09.02"]
[Round "2"]
[White "Jandke, Manfred"]
[Black "Frank, Albert"]
[Result "1/2-1/2"]
[WhiteElo "2201"]
[BlackElo "1994"]
[PlyCount "80"]
[EventDate "2007.09.01"]
[EventType "swiss"]
[EventRounds "9"]
[EventCountry "AUT"]

1. Nf3 b6 2. c4 Bb7 3. Nc3 e6 4. g3 g6 5. d4 d6 6. Bg2 Nd7 7. Qa4 Ne7 8. Bf4
Bg7 9. O-O-O Bc6 10. Qc2 Bxd4 11. Rxd4 e5 12. Rd2 exf4 13. gxf4 Qc8 14. e4 Qa6
15. e5 dxe5 16. Re1 O-O-O 17. fxe5 Nc5 18. Bh3+ Kb8 19. Nd4 Qxc4 20. Bf1 Rxd4
21. Bxc4 Rxc4 22. b3 Rh4 23. Red1 Rxh2 24. Rd8+ Rxd8 25. Rxd8+ Kb7 26. b4 Ne6
27. Rd2 Nf5 28. b5 Bf3 29. Qd3 Nfd4 30. Ne4 h6 31. Qe3 Rh4 32. Ng3 h5 33. a4
Kc8 34. Kb2 Rg4 35. Nf1 Re4 36. Qh6 Nc5 37. Ng3 Nxa4+ 38. Ka3 Nxb5+ 39. Kb3
Nc5+ 40. Kb2 Rb4+ 1/2-1/2

[Event "18.Open Seefeld"]
[Site "Seefeld / Oesterreich"]
[Date "2007.09.02"]
[Round "2"]
[White "Schulze, Joachim"]
[Black "Schlosser, Andree"]
[Result "1/2-1/2"]
[WhiteElo "1996"]
[BlackElo "2200"]
[PlyCount "104"]
[EventDate "2007.09.01"]
[EventType "swiss"]
[EventRounds "9"]
[EventCountry "AUT"]

1. e4 d6 2. d4 Nf6 3. Nc3 c6 4. Nf3 Bg4 5. Be2 e6 6. O-O d5 7. e5 Nfd7 8. Ng5
Bxe2 9. Nxe2 h6 10. Nh3 c5 11. c3 Nc6 12. f4 g6 13. Kh1 h5 14. Ng5 Ne7 15. dxc5
Nxc5 16. Nd4 Nc6 17. Nb3 Be7 18. Nxc5 Bxc5 19. Qd3 Qd7 20. Be3 Bxe3 21. Qxe3
Ne7 22. Rfd1 Qc6 23. Nf3 Nf5 24. Qd2 h4 25. Nd4 Qb6 26. Nxf5 gxf5 27. Qc2 Rc8
28. Qb3 Qa6 29. a4 Qc6 30. Qb5 a6 31. Qxc6+ Rxc6 32. a5 Rg8 33. Ra4 Rg4 34. h3
Rg3 35. Rb4 Rc7 36. Kg1 Re3 37. Kf2 Re4 38. Rdd4 Kd7 39. g3 hxg3+ 40. Kxg3 Ke7
41. Rb6 f6 42. exf6+ Kf7 43. Rd2 Rd7 44. Rd4 Kxf6 45. Rdb4 Rg7+ 46. Kf3 Rxb4
47. Rxb4 Rc7 48. Rb6 Rh7 49. Kg3 Rg7+ 50. Kf3 Rh7 51. Kg3 Rg7+ 52. Kf3 Rh7
1/2-1/2

[Event "18.Open Seefeld"]
[Site "Seefeld / Oesterreich"]
[Date "2007.09.02"]
[Round "2"]
[White "Wittelsberger, Helmut"]
[Black "Sucher, Johannes"]
[Result "0-1"]
[WhiteElo "1996"]
[BlackElo "2197"]
[PlyCount "82"]
[EventDate "2007.09.01"]
[EventType "swiss"]
[EventRounds "9"]
[EventCountry "AUT"]

1. e4 d6 2. d4 Nf6 3. Nc3 g6 4. h3 Bg7 5. Nf3 O-O 6. Bd3 c6 7. Rb1 Nbd7 8. Be3
a5 9. a4 Rb8 10. Qe2 Re8 11. O-O e5 12. dxe5 Nxe5 13. Rfd1 Qe7 14. Nxe5 Qxe5
15. Qf3 g5 16. g4 h5 17. Qg2 hxg4 18. hxg4 Nxg4 19. Bb6 Nf6 20. Bc7 Ra8 21. Be2
Nxe4 22. Nxe4 Qxe4 23. Bf3 Qf5 24. Rd2 d5 25. Be2 Be5 26. Bd3 Qg4 27. Bxe5 Rxe5
28. Qxg4 Bxg4 29. Kg2 Kg7 30. Rh1 Rh8 31. Rxh8 Kxh8 32. Kg3 Be6 33. f3 Kg7 34.
Rh2 c5 35. Bb5 f5 36. Kf2 f4 37. Rh1 Bf5 38. c3 c4 39. Re1 Rxe1 40. Kxe1 Kf6
41. Kf2 Ke5 0-1

[Event "18.Open Seefeld"]
[Site "Seefeld / Oesterreich"]
[Date "2007.09.02"]
[Round "2"]
[White "Jaenig, Reinhard"]
[Black "Wiesbeck, Florian"]
[Result "1-0"]
[WhiteElo "2176"]
[BlackElo "1990"]
[PlyCount "63"]
[EventDate "2007.09.01"]
[EventType "swiss"]
[EventRounds "9"]
[EventCountry "AUT"]

1. e4 c5 2. Nf3 e6 3. d4 cxd4 4. Nxd4 Nc6 5. Nb5 d6 6. Bf4 e5 7. Be3 Nf6 8.
N1c3 a6 9. Na3 Ng4 10. Nd5 Nxe3 11. Nxe3 Be7 12. Be2 O-O 13. O-O b5 14. Bg4 Be6
15. c3 Qd7 16. h3 g6 17. Nd5 Bd8 18. Nc2 h5 19. Be2 Kg7 20. Nce3 Qb7 21. Kh2
Bg5 22. Qd3 Rfd8 23. g3 Rd7 24. f4 exf4 25. gxf4 Bd8 26. f5 Ne5 27. Qd4 Bxd5
28. Nxd5 Qa7 29. f6+ Kh7 30. Qd2 Qc5 31. Bxh5 gxh5 32. Qg5 1-0

[Event "18.Open Seefeld"]
[Site "Seefeld / Oesterreich"]
[Date "2007.09.02"]
[Round "2"]
[White "Matt, Stefan"]
[Black "Storkebaum, Karl-Heinrich"]
[Result "1-0"]
[WhiteElo "1875"]
[BlackElo "2038"]
[PlyCount "95"]
[EventDate "2007.09.01"]
[EventType "swiss"]
[EventRounds "9"]
[EventCountry "AUT"]

1. d4 d5 2. e4 e6 3. e5 c5 4. c3 Nc6 5. Nf3 Qb6 6. Bd3 cxd4 7. cxd4 Bd7 8. O-O
Nxd4 9. Nxd4 Qxd4 10. Nc3 Qxe5 11. Re1 Qc7 12. Nxd5 Qd8 13. Bf4 Rc8 14. Rc1
Rxc1 15. Qxc1 Be7 16. Nc7+ Kf8 17. Rd1 Qc8 18. Qd2 Nf6 19. Rc1 Bc6 20. Bb5 Qd7
21. Qxd7 Bxd7 22. Bxd7 Nxd7 23. Nxe6+ fxe6 24. Rc8+ Kf7 25. Rxh8 Nf8 26. Be3 b6
27. Bd2 Bf6 28. Bb4 Be7 29. Bxe7 Kxe7 30. Kf1 Kf7 31. Ke2 g5 32. Ke3 Kg7 33.
Rxf8 Kxf8 34. Ke4 Ke7 35. Ke5 h5 36. f3 Kf7 37. a4 Ke7 38. b4 a6 39. b5 a5 40.
g3 h4 41. g4 h3 42. f4 gxf4 43. Kxf4 Kf6 44. Kg3 e5 45. Kxh3 e4 46. Kg3 Ke5 47.
Kf2 Kf4 48. h3 1-0

[Event "18.Open Seefeld"]
[Site "Seefeld / Oesterreich"]
[Date "2007.09.02"]
[Round "2"]
[White "Schett, Franz"]
[Black "Stoer, Andreas"]
[Result "0-1"]
[WhiteElo "1994"]
[BlackElo "2171"]
[PlyCount "50"]
[EventDate "2007.09.01"]
[EventType "swiss"]
[EventRounds "9"]
[EventCountry "AUT"]

1. e4 e5 2. Nf3 Nc6 3. d4 exd4 4. Nxd4 Bc5 5. Be3 Qf6 6. c3 Nge7 7. Be2 d6 8.
O-O O-O 9. a4 Qg6 10. Nxc6 Nxc6 11. Bxc5 dxc5 12. Nd2 Bh3 13. Bf3 Rad8 14. Kh1
Ne5 15. Rg1 Qh6 16. gxh3 Rxd2 17. Rxg7+ Kxg7 18. Qg1+ Kh8 19. Bg4 Qf4 20. Qg3
Rxf2 21. Qxf4 Rxf4 22. Bf5 Rf2 23. Kg1 Rd2 24. Rf1 Rg8+ 25. Kh1 Nf3 0-1

[Event "18.Open Seefeld"]
[Site "Seefeld / Oesterreich"]
[Date "2007.09.02"]
[Round "2"]
[White "Gatterer, Matthias"]
[Black "Gruber, Michael"]
[Result "1/2-1/2"]
[WhiteElo "1973"]
[BlackElo "2160"]
[PlyCount "47"]
[EventDate "2007.09.01"]
[EventType "swiss"]
[EventRounds "9"]
[EventCountry "AUT"]

1. d4 f5 2. g3 Nf6 3. Bg2 g6 4. Nf3 Bg7 5. O-O O-O 6. c4 d6 7. Nc3 Qe8 8. Re1
Qf7 9. b3 Ne4 10. Bb2 Nd7 11. Rc1 c6 12. Qc2 Ndf6 13. Nxe4 Nxe4 14. e3 Bd7 15.
Nd2 Nxd2 16. Qxd2 e5 17. dxe5 dxe5 18. f4 e4 19. Rcd1 Bxb2 20. Qxb2 Be6 21. Rd6
Rfd8 22. Red1 Qe7 23. Qd4 Qxd6 24. Qxd6 1/2-1/2

[Event "18.Open Seefeld"]
[Site "Seefeld / Oesterreich"]
[Date "2007.09.02"]
[Round "2"]
[White "Breedveld, Andre"]
[Black "Gerhards, Walter"]
[Result "1-0"]
[WhiteElo "2151"]
[BlackElo "1947"]
[PlyCount "87"]
[EventDate "2007.09.01"]
[EventType "swiss"]
[EventRounds "9"]
[EventCountry "AUT"]

1. c4 e6 2. g3 d5 3. Bg2 Nf6 4. Nf3 Be7 5. O-O O-O 6. Qc2 a6 7. d3 Nbd7 8. e4
dxc4 9. dxc4 e5 10. Rd1 Bd6 11. Nh4 Qe8 12. Nf5 Bc5 13. h3 Nb8 14. Bg5 Qe6 15.
Nd2 Bd7 16. Nb3 Ba7 17. Kh2 Ba4 18. Qe2 Nc6 19. h4 Rfd8 20. Bh3 Qe8 21. Bxf6
Rxd1 22. Rxd1 Nd4 23. Nfxd4 Bxd4 24. Bg5 b5 25. cxb5 Bxb5 26. Qc2 Ba4 27. Qxc7
h6 28. Be3 Bxe3 29. fxe3 Qb5 30. Rd8+ Rxd8 31. Qxd8+ Kh7 32. Qd2 Qc4 33. Bg2 f6
34. Qc3 Qe2 35. Qd2 Qc4 36. Nc1 Bc6 37. b3 Qc5 38. Ne2 a5 39. Nc3 Qb4 40. Qd3
Qa3 41. Qc4 Be8 42. Qe2 Bf7 43. Nd5 a4 44. b4 1-0

[Event "18.Open Seefeld"]
[Site "Seefeld / Oesterreich"]
[Date "2007.09.02"]
[Round "2"]
[White "Schmidt, Juergen"]
[Black "Babinetz, Rainer"]
[Result "1-0"]
[WhiteElo "2130"]
[BlackElo "2139"]
[PlyCount "53"]
[EventDate "2007.09.01"]
[EventType "swiss"]
[EventRounds "9"]
[EventCountry "AUT"]

1. e4 Nf6 2. e5 Nd5 3. d4 d6 4. Nf3 Nc6 5. Be2 g6 6. exd6 cxd6 7. c4 Nb6 8. d5
Nb8 9. Be3 Bg7 10. Bd4 f6 11. h4 e5 12. dxe6 Bxe6 13. Ng5 fxg5 14. Bxg7 Rg8 15.
Bc3 gxh4 16. Nd2 Nc6 17. Ne4 Rf8 18. Nxd6+ Ke7 19. c5 Rf4 20. g3 Rf8 21. Rxh4
h5 22. Qd2 Nd5 23. Qg5+ Kd7 24. Qxg6 Nxc3 25. bxc3 Qa5 26. Qg7+ Ne7 27. Rd1 1-0

[Event "18.Open Seefeld"]
[Site "Seefeld / Oesterreich"]
[Date "2007.09.02"]
[Round "2"]
[White "Russ, Colin"]
[Black "Platzgummer, Fabian"]
[Result "0-1"]
[WhiteElo "1760"]
[BlackElo "2124"]
[PlyCount "216"]
[EventDate "2007.09.01"]
[EventType "swiss"]
[EventRounds "9"]
[EventCountry "AUT"]

1. d4 Nf6 2. c4 e6 3. Nf3 Bb4+ 4. Nc3 c5 5. Bd2 O-O 6. Qc2 Nc6 7. e3 d6 8. Be2
e5 9. a3 Ba5 10. dxc5 dxc5 11. Rd1 Bxc3 12. Bxc3 Qe7 13. O-O Bg4 14. Rd2 Rad8
15. Rfd1 Rxd2 16. Rxd2 Bh5 17. Nh4 Bxe2 18. Nf5 Qe6 19. Rxe2 Qxc4 20. Nd6 Qa6
21. Rd2 Ne8 22. Ne4 b6 23. Ng5 g6 24. Qe4 Qc8 25. Bxe5 Nxe5 26. Qxe5 Qc6 27.
Nf3 Qf6 28. Rd7 Qxe5 29. Nxe5 f6 30. Nc6 Rf7 31. Rxf7 Kxf7 32. Nxa7 Nd6 33. b3
Ke6 34. Kf1 Kd5 35. Ke2 c4 36. bxc4+ Kxc4 37. f3 Kb3 38. Kd3 Kxa3 39. Kc3 Ka4
40. e4 Nb5+ 41. Nxb5 Kxb5 42. f4 Kc5 43. g4 g5 44. f5 Kd6 45. Kd4 b5 46. h3 h6
47. Kc3 Kc5 48. Kb3 b4 49. Kb2 Kd4 50. Kb3 Kc5 51. Kc2 Kd4 52. Kb3 Kxe4 53.
Kxb4 Kf4 54. Kc4 Kg3 55. Kd5 Kxh3 56. Ke6 Kxg4 57. Kxf6 Kh5 58. Ke7 g4 59. f6
g3 60. f7 g2 61. f8=Q g1=Q 62. Qf7+ Qg6 63. Qf3+ Qg4 64. Qf7+ Kh4 65. Qf2+ Qg3
66. Qd4+ Kh3 67. Qd7+ Qg4 68. Qd3+ Kh4 69. Qf1 h5 70. Qh1+ Kg5 71. Qd5+ Qf5 72.
Qg2+ Kh4 73. Qh2+ Qh3 74. Qf4+ Qg4 75. Qf2+ Qg3 76. Qd4+ Kh3 77. Qd7+ Qg4 78.
Qd3+ Kg2 79. Qd5+ Kf2 80. Qc5+ Kf1 81. Qc1+ Kg2 82. Qd2+ Kh3 83. Qe3+ Kh4 84.
Qf2+ Qg3 85. Qd4+ Kh3 86. Qd7+ Kg2 87. Qd2+ Kf1 88. Qc2 h4 89. Qc4+ Kg2 90.
Qe2+ Kg1 91. Qd1+ Kg2 92. Qe2+ Qf2 93. Qg4+ Kf1 94. Qh3+ Ke1 95. Qc3+ Qd2 96.
Qa1+ Ke2 97. Qa6+ Qd3 98. Qa2+ Ke3 99. Qa7+ Kf3 100. Qa1 Qe2+ 101. Kf6 h3 102.
Qh1+ Kg3 103. Qg1+ Qg2 104. Qc1 Qf3+ 105. Ke6 h2 106. Qc7+ Kh3 107. Qh7+ Kg2
108. Qg6+ Kf2 0-1

[Event "18.Open Seefeld"]
[Site "Seefeld / Oesterreich"]
[Date "2007.09.02"]
[Round "2"]
[White "Thoeny, Hermann"]
[Black "Stuch, Hans-Ferdinand"]
[Result "1-0"]
[WhiteElo "2123"]
[BlackElo "1602"]
[PlyCount "79"]
[EventDate "2007.09.01"]
[EventType "swiss"]
[EventRounds "9"]
[EventCountry "AUT"]

1. d4 e5 2. dxe5 Nc6 3. Nf3 Qe7 4. Nc3 Nxe5 5. e4 c6 6. Be2 Nf6 7. O-O d6 8. a4
a5 9. Nd4 g6 10. f4 Neg4 11. h3 Nh6 12. Bf3 Bg7 13. g4 Nd7 14. Be3 Nc5 15. Qd2
Bd7 16. Bg2 O-O-O 17. f5 Ng8 18. Nde2 Nf6 19. Ng3 Ne8 20. Rab1 Kc7 21. b4 axb4
22. Rxb4 Qe5 23. Nce2 Ra8 24. Bd4 Qe7 25. Bxg7 Rg8 26. Bd4 Nxa4 27. Rfb1 b5 28.
Be3 Nb6 29. Bxb6+ Kxb6 30. c4 c5 31. Nf4 Qe5 32. Nd5+ Kb7 33. Rxb5+ Bxb5 34.
Rxb5+ Kc6 35. Qb2 Qxb2 36. Rxb2 Nc7 37. Rb6+ Kd7 38. Nf6+ Ke7 39. Nxg8+ Rxg8
40. e5 1-0